Score 0/12 Timer 02:00
5 Plays Today
% Correct
A Clockwork Orange
Anthony Burgess
94.1%
The Green Mile
Stephen King
93.7%
The Picture of Dorian Gray
Oscar Wilde
91.3%
The Color Purple
Alice Walker
89.2%
White Fang
Jack London
85.5%
The Pale Blue Eye
Louis Bayard
83.7%
The Black Dahlia
James Ellroy
75%
The Red Tent
Anita Diamant
70.4%
Yellow Star
Jennifer Roy
62.3%
The Ice Cream Queen of Orchard Street
Susan Jane Gilman
51.8%
When Hitler Stole Pink Rabbit
Judith Kerr
48%
The Man in the Brown Suit
Agatha Christie
45.1%

You're not logged in!

Compare scores with friends on all Sporcle quizzes.
OR
Log In

Sporcle TV

Today on Sporcle TV


Watch our educational content, quiz creation guides, and fun videos on Sporcle TV.

Show Comments

Extras

Top Quizzes Today


Score Distribution

Paid Content

Your Account Isn't Verified!

In order to create a playlist on Sporcle, you need to verify the email address you used during registration. Go to your Sporcle Settings to finish the process.

Report this User

Report this user for behavior that violates our Community Guidelines.

Details: